00626 2200229 4500001002100000005001500021035002000036007000300056008004100059020001600100082001000116084001600126100002200142245010100164250001000265260003100275300002600306520003800332990000800370990000900378990000900387INLIS00000000000007820170909104831 a0010-0917000064ta170909 0  a54-01-007-9 a658.8 a658.8 POR k0 aPorter, Michael E1 aKeunggulan Bersaing :bMenciptakan dan Mempertahankan Kinerja Unggul /cAlih Bahasa, Agus Dharma aCet.2 aJakarta :bErlangga,c1993 a493hlm ;c15,5 x 24cm aJudul Asli; Competetive Advantage a293 a298a a298b